Corduroy (Record no. 246)

MARC details
000 -LEADER
fixed length control field 01160nam a22003257a 4500
001 - CONTROL NUMBER
control field 246
003 - CONTROL NUMBER IDENTIFIER
control field FISKH
005 - DATE AND TIME OF LATEST TRANSACTION
control field 20250611091603.0
008 - FIXED-LENGTH DATA ELEMENTS--GENERAL INFORMATION
fixed length control field 230309b cb ||||| |||| 00| 0 eng d
020 ## - INTERNATIONAL STANDARD BOOK NUMBER
International Standard Book Number 9780590309073
040 ## - CATALOGING SOURCE
Original cataloging agency DLC
Transcribing agency DLC
Modifying agency DLC
-- FISKH
Language of cataloging eng
042 ## - AUTHENTICATION CODE
Authentication code lcac
050 00 - LIBRARY OF CONGRESS CALL NUMBER
Classification number PZ7.F8747
Item number Cp 2001
082 00 - DEWEY DECIMAL CLASSIFICATION NUMBER
Classification number 823.9
Edition number 21
100 1# - MAIN ENTRY--PERSONAL NAME
Personal name Freeman, Don,
Dates associated with a name 1908-1978.
245 10 - TITLE STATEMENT
Title Corduroy
Statement of responsibility, etc. by Don Freeman
260 ## - PUBLICATION, DISTRIBUTION, ETC.
Place of publication, distribution, etc. New York
Name of publisher, distributor, etc. Scholastic
Date of publication, distribution, etc. 1968
300 ## - PHYSICAL DESCRIPTION
Extent x, 117 p. :
Other physical details col. ill. ;
Dimensions 26 cm.
500 ## - GENERAL NOTE
General note "Includes 11 complete stories"
505 0# - FORMATTED CONTENTS NOTE
Formatted contents note K
505 0# - FORMATTED CONTENTS NOTE
Formatted contents note Corduroy -- Chuggy and the blue caboose -- Pet of the Met -- Beady Bear -- Mop Top -- Fly high, fly low -- Norman the doorman -- Dandelion -- Tilly Witch -- Flash the Dash -- Gayelord.
521 8# - TARGET AUDIENCE NOTE
Target audience note 600<br/>
Source Lexile
521 8# - TARGET AUDIENCE NOTE
Target audience note K<br/>
Source Lexile
650 #0 - SUBJECT ADDED ENTRY--TOPICAL TERM
Topical term or geographic name entry element Children's stories, American.
650 #1 - SUBJECT ADDED ENTRY--TOPICAL TERM
Topical term or geographic name entry element Short stories.
700 1# - ADDED ENTRY--PERSONAL NAME
Personal name Marcus, Leonard S.,
Dates associated with a name 1950-
906 ## - LOCAL DATA ELEMENT F, LDF (RLIN)
a 7
b cbc
c orignew
d 1
e ecip
f 20
g y-gencatlg
942 ## - ADDED ENTRY ELEMENTS (KOHA)
Source of classification or shelving scheme Dewey Decimal Classification
Koha item type Books
Suppress in OPAC No
Holdings
Withdrawn status Lost status Source of classification or shelving scheme Damaged status Not for loan Collection Home library Current library Shelving location Date acquired Total Checkouts Full call number Barcode Date last seen Date last checked out Copy number Price effective from Koha item type
    Dewey Decimal Classification     Juvenile Fiction Footprints International School Library Network Toul Kork Campus Footprints International School Library Network Toul Kork Campus TK Primary Library Room(4th Floor), Bookcase 3&4, Shelves 17-32, Yellow Books 03/09/2023 1 FRE 823.9 PZ8.F85 FISBK05026 01/02/2024 08/04/2023 1 03/09/2023 Books
    Dewey Decimal Classification     Juvenile Fiction Footprints International School Library Network Toul Kork Campus Footprints International School Library Network Toul Kork Campus TK Primary Library Room(4th Floor), Bookcase 3&4, Shelves 17-32, Yellow Books 03/20/2025   FRE 823.9 PZ8.F85 FISBK05045 03/20/2025   2 03/20/2025 Books
    Dewey Decimal Classification     Juvenile Fiction Footprints International School Library Network Toul Tom Poung Campus Footprints International School Library Network Toul Tom Poung Campus TTP Primary Yellow Bookshelves 05/12/2025   FRE 823.9 PZ8.F85 2025-1272 05/12/2025   3 05/12/2025 Books
    Dewey Decimal Classification     Juvenile Fiction Footprints International School Library Network Toul Tom Poung Campus Footprints International School Library Network Toul Tom Poung Campus TTP Primary Yellow Bookshelves 05/21/2025   FRE 823.9 PZ8.F85 2025-1344 05/21/2025   4 05/21/2025 Books
    Dewey Decimal Classification     Juvenile Fiction Footprints International School Library Network Toul Tom Poung Campus Footprints International School Library Network Toul Tom Poung Campus TTP Primary Yellow Bookshelves 06/11/2025   FRE 823.9 PZ8.F85 FISTK02530 06/11/2025   5 06/11/2025 Books